000 00474nam a2200169Ia 4500
003 GCL
008 140319s9999 xx 000 0 ara d
040 _aGCL /
_cGCL
082 0 4 _aد
_b050
100 1 _aاحمد سعيد الدمرداش
245 1 0 _aاللدائن فى خدمة الانسان (اقرا 468 ) /
_cاحمد سعيد الدمرداش
300 _a163
490 _aاقرأ
_v0
650 0 4 _aاللؤلؤ
650 0 4 _aاللدائن
942 _2ddc
_cBK
999 _c49067
_d49067